000 01111nam a2200301 a 4500
999 _c391736
_d391736
003 BLK
005 20250517104902.0
008 201124b bu |||||r|||| 00| | bu d
020 _a9786192460174
040 _aBLK
041 _aBUL
_cBUL
080 _aБългарски език
_b811.163.2
_x'35
_z811.163.2'35
100 _9250867
_aВасева, Милена Петрова
_eпърви автор
139 _aВасева, Милена Петрова
_bВ 23
245 _aПътеводител в правописа
_bда пишем грамотно!
_cМилена Васева
257 _aBGR
260 _9402164
_aСофия
_bРобертино
_c2020
_fСофия : Алианс принт
300 _a127 с.
_bс табл.
_c24 см
380 _a80
650 0 _9262716
_aБългарски език - правопис
653 7 _9194329
_aправопис
852 _aЦб 305874
_bЦб
852 _bД
_c811.163.2/В 23 М
852 _bП
_c811.163.2/В 23 М
942 _cKNG
_n0
_s1
_05
944 _aCR
_k30549
_lВася Ганчева
944 _aED
_kГГГ
_l2021-10-08